000
00265nam a2200109Ia 4500
008
230907s9999||||xx |||||||||||||| ||und||
082
_a
621.3
_b
ADV
245
0
_a
Advanced solutions in power systems :
260
_c
2016
300
_a
xxvi,1042 pages ;
942
_c
BK
999
_c
598645
_d
598645